Women and Structural Change New Perspectives

Saved in:
Bibliographic Details
Format: Book
Language:English
Published: Paris OECD 1994
Edition:1. ed.
Subjects:
Tags: Add Tag
No Tags, Be the first to tag this record!

MARC

LEADER 00000nam a2200000 4500
001 c009749
005 20221214075539.1
020 |a 92-64-14111-1 
041 0 |a eng 
044 |a FR 
245 1 0 |a Women and Structural Change  |b New Perspectives 
250 |a 1. ed. 
264 1 |a Paris  |b OECD  |c 1994 
300 |a 199 s. 
610 2 0 |a zamestnanosť 
610 2 0 |a zmeny štruktúrne 
610 2 0 |a reštrukturalizácia 
610 2 0 |a postavenie žien 
610 2 0 |a sektor verejný 
610 2 0 |a trh práce